| 000 | 01139nam a2200301 i 4500 | ||
|---|---|---|---|
| 999 |
_c7314 _d7314 |
||
| 001 | .b72064158 | ||
| 003 | OSt | ||
| 005 | 20210218185057.0 | ||
| 008 | 180920s2018 sp c 000 0 spa c | ||
| 020 | _a9788416305827 | ||
| 035 | _a(OCoLC)1120508977 | ||
| 040 |
_aES-BaUAB _bcat _erda _cES-BaUAB |
||
| 245 | 0 | 0 |
_aConversaciones sobre periodismo radiofónico / _c[Chelo Sánchez Serrano (coord.)] ; entrevistas con Pepa Bueno ... [i altres] ; epílogo Carlos Alsina |
| 264 | 1 |
_aSalamanca : _bUniversidad Pontificia de Salamanca, _c2018 |
|
| 300 |
_a128 pàgines : _bretrats ; _c24 cm |
||
| 336 |
_atext _btxt _2rdacontent |
||
| 337 |
_asense mediació _bn _2rdamedia |
||
| 338 |
_avolum _bnc _2rdacarrier |
||
| 490 | 1 |
_aMonografías de investigación e innovación ; _v6 |
|
| 650 | 0 | 4 | _aNotícies per ràdio |
| 650 | 0 | 4 |
_aPeriodistes _zEspanya _xEntrevistes |
| 700 | 1 |
_aSánchez Serrano, Chelo, _ecoordinador |
|
| 700 | 1 |
_aBueno, Pepa, _eentrevistat |
|
| 830 | 0 |
_aMonografías de investigación e innovación ; _v6 |
|
| 907 |
_a.b72064158 _b28-10-20 _c20-09-18 _d20-09-18 _em _fa _g- _hspa _isp _j0 _k0 |
||
| 940 | _aREBIUN | ||
| 942 |
_2udc _cMON |
||